000 01673cam a22003135a 4500
001 L137117
008 070314s2007 xxkdo f f 000 0 eng d
020 _a0860176975
_a9780860176978
035 _a(Sirsi) u137117
041 0 _aeng
050 0 4 _a627.4 $2 18
100 1 _aWoods-Ballard, Bridget
245 0 4 _aThe SUDS manual
260 _aLondon
_bCIRIA
_c2007
300 _a1
_fv. (loose-leaf)
_bill.
_c31cm.
490 0 _aCIRIA
_vC697
505 2 _aIntroduction to SUDS -- Roles, responsibilities and regulation -- Design criteria -- Hydraulic design methods -- SUDS selection -- Source control -- Pre-treatment -- Filter strips -- Trenches -- Swales -- Bioretention -- Pervious pavements -- Geocellular/modular systems -- Sand filters -- Infiltration basins -- Detention basins -- Ponds -- Stormwater wetlands -- Inlets and outlets -- Landscape -- Construction -- Operation and maintenance -- Waste management -- Community engagement -- Costs and benefits -- Appendices
520 _aProvides detailed best practice guidance on the planning, design, construction, operation and maintenance of Sustainable Drainage Systems (SUDS) to assist with their effective implementation within developments. Includes design examples. (See also L137116).
590 _aKA
651 4 _aUnited Kingdom
_y
690 _aENVIRONMENTAL AND LAND CONSULTANCY-WATER RESOURCE MANAGEMENT-DRAINAGE-SUSTAINABLE URBAN DRAINAGE SYSTEMS
700 1 _aKellagher, Richard
700 1 _aMartin, Peter
700 1 _aJefferies, Chris
700 1 _aBray, Bob
700 1 _aShaffer, Paul
710 1 _aConstruction Industry Research and Information Association
_94810
942 _n0
999 _c106647
_d106647